00752nam a2200217 i 4500001000300000100002000003245010600023246001900129260003200148300002600180500004500206650003200251650003100283655001800314020001500332040000800347041001100355080002900366008004100395856009800436bg1 aHANNAWAY, Conor10aUmiejętności menedżerskie /cConor Hannaway, Gabriel Hunt ; przekł. Krystyna Bolesta-Kukułka. iTyt. oryg.:a. aWarszawa :b"Kopia",c1994. a243, [1] s. ;c19 cm. aTyt. oryg.: The management skills book". 9aMenedżerowiexpsychologia 9aZarządzaniexpsychologia aPodręczniki a8386290024 cBPK1 aplhen a159.9-057.17:65.013](07) s pl f |000 0 pol  uhttp://koha.tu.koszalin.pl/cgi-bin/koha/opac-detail.pl?biblionumber=40325yKatalog online BPK